[Event "BL 2018-19"]
[Site "Berlin"]
[Date "2019.03.23"]
[Round "12.11"]
[White "Rozentalis, Eduardas"]
[Black "Berelowitsch, Alexander"]
[Result "0-1"]
[WhiteElo "2524"]
[BlackElo "2520"]
[Annotator "TA"]
[PlyCount "88"]
[EventDate "2018.11.10"]
[EventType "team-tourn"]
[EventCountry "GER"]
[SourceTitle "playchess.com"]
[Source "ChessBase"]
[SourceQuality "1"]
[WhiteTeam "Augsburg"]
[BlackTeam "Duesseldorf"]

{[%evp 10,88,16,8,2,6,15,-27,0,-58,-58,-99,-110,-103,-101,-134,-116,-109,-115,-129,-128,-115,-88,-99,-97,-92,-93,-89,-97,-102,-73,-76,-76,-76,-70,-77,-80,-86,-73,-85,-77,-104,-105,-104,-54,-91,-95,-92,-90,-115,-137,-152,-137,-141,-132,-124,-135,-279,-272,-373,-360,-29983,-29984,-29984,-470,-29985,-29986,-29987,-466,-29984,-371,-581,-452,-440,-444,-437,-422,-379,-376,-656,-639]} 1. e4 e6 2. d4 d5 3. Nd2 c5 4. Ngf3 Nf6 5. exd5 Nxd5 6. Ne4 cxd4 {C07: French Tarrasch: 3...c5, 4 Ngf3 and 4 exd5 Qxd5} 7. Nxd4 Be7 8. c3 O-O {Black has an edge.} 9. h4 $146 ({Better is} 9. Bc4 $11) ({Predecessor:} 9. Bd3 e5 10. Nf3 Nc6 11. O-O h6 12. Bb5 Nf6 13. Nxf6+ Bxf6 14. Be3 Qc7 {1-0 (70) Mamedov,R (2650)-Harikrishna,P (2753) Huaian 2016}) 9... Nc6 10. Bd3 Nxd4 11. cxd4 Bd7 ({Not} 11... Bxh4 $2 12. Qh5 $18) 12. Qh5 {[#]} Bb5 $1 {[%mdl 576] Decoy} 13. Bxb5 {Qe2 is the strong threat.} Qa5+ {[%mdl 64] Double Attack} 14. Kf1 {Black must now prevent Qe2.} Qxb5+ 15. Qe2 Qxe2+ 16. Kxe2 Rac8 17. Bd2 Rfd8 18. Rac1 Rxc1 19. Bxc1 Nb4 20. Be3 {[#]} Nc6 $1 ({Reject} 20... Nxa2 $6 21. Ra1 $11) 21. Rc1 Bxh4 22. Nc5 Nxd4+ 23. Ke1 h5 24. Nxb7 Rd5 25. Rc7 Bf6 26. a4 a5 27. Bd2 Nb3 28. Bc3 Bd4 29. Rc6 h4 30. Bxd4 Nxd4 $17 {[%mdl 4096] Endgame KRN-KRN} 31. Ra6 Re5+ 32. Kf1 Re2 33. Rb6 (33. Ra8+ $17 Kh7 34. Rd8 Rxb2 35. Rxd4 Rxb7 36. Rxh4+ Kg6 37. Rg4+ Kf6 38. Rc4) 33... Rc2 $19 {[%cal Rc2c1]} 34. f3 Nf5 35. b4 $2 (35. Rb3 $19 Ng3+ 36. Kg1) 35... Ne3+ 36. Kg1 Rxg2+ 37. Kh1 h3 38. Nc5 axb4 (38... f5 $142 39. Rb8+ Kh7 40. Rb5 Nf1 41. Ne4 Kg6 42. f4 fxe4 43. Rg5+ Rxg5 44. fxg5 e3 45. Kg1 axb4 46. Kxf1 b3 47. Ke2 h2 48. Kxe3 h1=Q 49. Kf4 b2 50. Ke5 b1=Q 51. Kd6 Qd5+ {[%mdl 64] Double Attack} 52. Ke7 Qbb7+ 53. Kf8 Qf7#) 39. a5 (39. Rb8+ $19 Kh7 40. Rxb4) 39... Ra2 $2 (39... Nf5 {mates} 40. Ne4 Nd4 41. Ng5 Rxg5 42. Rb8+ Kh7 43. Kh2 Rh5 44. a6 Nxf3+ 45. Kg3 h2 46. Rh8+ Kxh8 47. a7 Ra5 48. a8=Q+ Rxa8 49. Kg2 f5 50. Kh1 Ra1+ 51. Kg2 h1=Q+ 52. Kg3 Qh2+ 53. Kxf3 Ra3#) 40. a6 (40. Rxb4 $142 Rxa5 41. Ne4) 40... Nf5 {( -> ...Ng3+)} 41. Ne4 f6 42. Rxb4 Rxa6 43. Kh2 Ra3 44. f4 $2 (44. Kxh3 Rxf3+ 45. Kg2) 44... Rf3 {Accuracy: White = 43%, Black = 78%.} 0-1

[Event "BL 2018-19"]
[Site "Berlin"]
[Date "2019.03.23"]
[Round "12.11"]
[White "Jakubiec, Artur"]
[Black "Meier, Georg"]
[Result "0-1"]
[WhiteElo "2508"]
[BlackElo "2622"]
[Annotator "TA"]
[PlyCount "88"]
[EventDate "2018.11.10"]
[EventType "team-tourn"]
[EventCountry "GER"]
[SourceTitle "playchess.com"]
[Source "ChessBase"]
[SourceQuality "1"]
[WhiteTeam "Kiel"]
[BlackTeam "SF Deizisau"]

{[%evp 22,88,-33,-41,-27,-48,-40,-60,-52,-62,-43,-68,0,-6,73,105,149,149,154,-21,-10,-28,-18,-33,-47,-48,-22,-29,-29,-47,-47,-54,0,-38,-34,-66,-29,-65,-67,-160,-179,-275,-156,-157,-147,-163,-152,-253,-257,-350,-223,-207,-202,-260,-260,-253,-245,-196,-154,-143,-143,-127,-127,-502,-509,-696,-693,-29986,-29986]} 1. e4 e6 2. d3 d5 3. Nd2 Nf6 4. Ngf3 c5 5. g3 Nc6 6. Bg2 Be7 7. O-O O-O 8. Re1 b5 9. e5 Nd7 10. Nf1 Bb7 11. h4 Qc7 12. Bf4 Rfc8 {C00: French: Unusual White 2nd moves} 13. N1h2 Qd8 14. h5 h6 {Black is slightly better.} 15. c3 a5 16. Qd2 {[#]} Nf8 $146 (16... Qf8 $15) ({Predecessor:} 16... d4 17. Ng4 dxc3 18. bxc3 Bf8 19. Nfh2 Rab8 20. Be4 {½-½ (34) Andreikin,D (2723)-Bukavshin,I (2618) Sochi 2015}) 17. a4 Ba6 (17... b4 $11 {keeps the balance.}) 18. Ng4 $16 Nh7 19. axb5 Bxb5 20. Kh2 $2 ({White must play} 20. Bxh6 $1 $16 gxh6 21. Nxh6+ Kg7 22. Qf4) 20... Bf8 21. Qc2 a4 22. Qe2 Na5 23. Nd2 c4 24. d4 Rcb8 25. Ra2 a3 26. bxa3 Nc6 (26... Nb3 $15) 27. Nf3 Ba4 {[%mdl 1024] Black has compensation.} 28. Qd2 Rb3 29. Bh3 Na7 ({Much worse is} 29... Bxa3 $6 30. Rea1 $14) (29... Rxa3 30. Rxa3 Bxa3 31. Bxh6 $14) 30. Ne3 (30. Rc1 $15) 30... Nb5 $17 31. Rc1 (31. Nd1 $142) 31... Qa5 ({Less strong is} 31... Rxa3 32. Rxa3 Bxa3 33. Ra1 $15) (31... Bxa3 $19 32. Nd1 Bxc1 33. Qxc1 Ra3 $1 {[%mdl 512]} 34. Rxa3 Nxa3) 32. Nd1 Rxa3 33. Rxa3 Bxa3 34. Nb2 (34. Ra1 $17 {was necessary.}) 34... Bb3 $19 35. g4 Qd8 36. Ra1 Be7 37. Rxa8 Qxa8 38. g5 {[#]} hxg5 $1 {[%mdl 64] Overworked Piece} 39. Bxg5 Bxg5 40. Nxg5 Nxg5 41. Qxg5 Nxc3 {White must now prevent ...Nb5.} 42. f4 $2 {[%mdl 8192]} (42. h6 $17 {was the crucial defense.} Qf8 43. Qf4) 42... Ne2 43. f5 Nxd4 {aiming for ...Nf3+.} 44. h6 {[%csl Gh6][%cal Rg5g7]} Nf3+ {[%mdl 64] Double Attack. Accuracy: White = 17%, Black = 49%.} 0-1

[Event "BL 2018-19"]
[Site "Berlin"]
[Date "2019.03.23"]
[Round "12.12"]
[White "Nielsen, Peter Heine"]
[Black "Hector, Jonny"]
[Result "1/2-1/2"]
[WhiteElo "2635"]
[BlackElo "2495"]
[Annotator "TA"]
[PlyCount "83"]
[EventDate "2018.11.10"]
[EventType "team-tourn"]
[EventCountry "GER"]
[SourceTitle "playchess.com"]
[Source "ChessBase"]
[SourceQuality "1"]
[WhiteTeam "SF Deizisau"]
[BlackTeam "Kiel"]

{[%evp 21,83,16,12,0,0,2,10,8,28,24,7,13,14,5,3,11,15,24,14,9,70,70,68,68,72,73,68,60,60,60,59,61,64,59,64,66,104,93,85,46,51,30,27,29,43,24,30,6,7,0,0,0,0,0,0,0,0,0,0,0,0,0,0,0]} 1. d4 d5 2. c4 c6 3. Nf3 Nf6 4. Nc3 dxc4 5. a4 Bf5 6. Ne5 Nbd7 7. Nxc4 Qc7 8. g3 e5 9. dxe5 Nxe5 10. Bf4 Nfd7 11. Bg2 f6 12. a5 {D17: Slav Defence: 5 a4 Bf5: Lines with 6 Nh4 and 6 Ne5} (12. O-O g5 13. Nxe5 gxf4 14. Nxd7 Qxd7 15. a5 fxg3 16. hxg3 Qxd1 17. Rfxd1 a6 18. Rd4 Rd8 19. Rad1 Rxd4 20. Rxd4 {1-0 (48) So,W (2775)-Akopian,V (2648) Doha 2015}) 12... Nc5 13. O-O Rd8 14. Qc1 {[#] next Qe3 is good for White.} Be7 $146 15. Bxe5 fxe5 16. Qe3 O-O 17. Nxe5 Bd6 18. Nc4 Rde8 19. Qc1 Be7 $1 {Threatening ...Nb3.} 20. Nd2 Bg5 ({Black should try} 20... Bg6 $11) 21. f4 $14 Bf6 22. e4 $36 {[%mdl 2048] White fights for an advantage.} Bxc3 23. Qxc3 Nxe4 24. Qc4+ Qf7 25. Qxf7+ Rxf7 26. Nc4 Rc7 27. a6 bxa6 $1 28. Rxa6 Bc8 29. Ra5 Nf6 30. Ne5 Ng4 31. Rc1 Nxe5 32. fxe5 Bd7 33. Rca1 a6 34. Bf1 Be6 {The position is equal.} 35. Rxa6 Bd5 36. Re1 Rce7 37. Bg2 Bxg2 38. Kxg2 Rxe5 39. Rxe5 Rxe5 40. Rxc6 Re2+ 41. Kf3 Rxb2 42. h4 {Accuracy: White = 70%, Black = 82%.} 1/2-1/2

[Event "BL 2018-19"]
[Site "Berlin"]
[Date "2019.03.23"]
[Round "12.12"]
[White "Orlov, Andrey"]
[Black "Nestorovic, Nikola"]
[Result "1/2-1/2"]
[WhiteElo "2497"]
[BlackElo "2455"]
[Annotator "TA"]
[PlyCount "132"]
[EventDate "2018.11.10"]
[EventType "team-tourn"]
[EventCountry "GER"]
[SourceTitle "playchess.com"]
[Source "ChessBase"]
[SourceQuality "1"]
[WhiteTeam "Duesseldorf"]
[BlackTeam "Augsburg"]

{[%evp 19,132,7,27,0,0,-12,-12,-12,-9,-11,50,13,9,5,15,19,20,29,46,-41,-38,-37,-41,-110,-97,-118,-118,-122,-112,-121,-111,-104,-77,-129,-69,-54,-56,-137,-121,-142,-145,-139,-33,-53,-31,-27,-27,-16,-15,-31,-10,-15,0,0,0,0,0,-2,-2,-2,-2,-2,-2,-2,-2,-2,-2,-2,-2,-2,-2,-2,-2,-2,-2,-2,-2,-2,0,0,0,0,0,0,0,0,0,0,0,-2,-2,-2,-2,-2,-2,-2,-2,-2,-2,-2,-2,-2,-2,-2,-2,-2,-2,-2,-2,-2,-2,-5,-5,-5,-5]} 1. e4 e5 2. Nf3 Nc6 3. Bc4 Bc5 4. c3 Nf6 5. d3 O-O 6. O-O d5 7. exd5 Nxd5 8. Re1 Bg4 9. h3 {C54: Giuoco Piano: 4 c3 Nf6, main lines with 5 d4 and 5 d3} Bh5 10. a4 a6 {LiveBook: 6 Games} (10... a5 11. Nbd2 Nb6 12. Bb5 Bd6 13. Ne4 Na7 14. d4 exd4 15. Nxd6 Qxd6 16. Qxd4 Nxb5 17. axb5 Qxd4 18. Nxd4 {½-½ (32) Harikrishna,P (2730)-Vidit,S (2711) Prague 2019}) 11. a5 {White has an edge.} Kh8 12. Nbd2 $146 ({Predecessor:} 12. g4 Bg6 13. Nxe5 Nxe5 14. Rxe5 c6 15. Qf3 Bd6 16. Rxd5 cxd5 17. Bxd5 {0-1 (25) Radosavljevic,S (2218)-Todorovic,G (2468) Pozarevac 2014}) 12... f5 13. d4 exd4 14. Nb3 Be7 (14... Ba7 $11) 15. Qd3 Bf6 {[%cal Rd4c3]} 16. Nbxd4 Nxd4 17. Nxd4 {Ne6 is the strong threat.} Nb4 $1 {[%cal Rb4d3]} 18. Qd2 Bf7 19. Ne6 (19. Bxf7 $14 Rxf7 20. Ra4 (20. Nxf5 Qxd2 21. Bxd2 Nc2 $17)) 19... Qxd2 $15 20. Bxd2 Nc2 $1 $36 {[%csl LRa1,LRe1][%mdl 2048] Black is more active.} 21. Nxf8 ({White should play} 21. Ra4 $1 $15 Nxe1 22. Nxf8) 21... Bxc4 $17 22. Nd7 Nxa1 23. Rxa1 Rd8 24. Nxf6 Rxd2 {[%mdl 4096] Endgame KRB-KRN} 25. Nh5 g6 ({Much worse is} 25... Rxb2 $6 26. Rd1 $11) 26. Nf4 (26. Nf6 $142) 26... g5 ({Black should try} 26... Rxb2 $17 27. Re1 Rb5 28. Re8+ Bg8) 27. Nh5 $15 Bf7 28. Ng3 (28. g4 $1 $15) 28... Bg6 $17 29. Re1 Rxb2 30. Re7 c5 (30... b6 $17 31. Rxc7 f4) 31. f4 $1 $15 gxf4 32. Ne2 {[#]} f3 $1 33. gxf3 Kg8 34. Nf4 Rb5 35. Kf2 {The position is equal.} Rxa5 36. Rxb7 Ra3 37. Nd5 Bf7 38. Nf6+ Kg7 39. Nxh7 Kxh7 40. Rxf7+ $11 {KR-KR} Kg6 41. Rc7 Rxc3 {White should prevent ...Kg5.} 42. Kg3 Rc4 43. h4 a5 44. Rc6+ Kh5 {Strongly threatening ...f4+.} 45. Rf6 {[#]} f4+ $1 {[%mdl 512]} 46. Kh3 (46. Rxf4 Rxf4) 46... a4 {aiming for ...a3.} 47. Rf5+ Kg6 48. Rf8 Rb4 49. Kg4 c4 {Hoping for ...Rb1.} 50. h5+ Kg7 51. Rc8 a3 52. Ra8 c3 {Threatens to win with ...c2.} 53. Rxa3 Rc4 54. Ra1 c2 55. Rc1 Kf6 56. h6 Kg6 {[#]} 57. h7 $1 {[%cal Rh7h8][%mdl 512]} Kxh7 {And now ...Kg6 would win.} 58. Kh5 Kg8 59. Kg6 $1 Rc5 60. Kf6 $1 Kf8 61. Ke6 Kg7 (61... Ke8 $5) 62. Kd6 $1 {[%cal Rd6c5]} Rc3 63. Ke5 Rxf3 64. Rxc2 Kg6 {White must now prevent ...Kg5.} 65. Ke4 Rf1 66. Rc5 f3 {Precision: White = 62%, Black = 61%.} 1/2-1/2

[Event "BL 2018-19"]
[Site "Berlin"]
[Date "2019.03.23"]
[Round "12.13"]
[White "Pitl, Gregory"]
[Black "Miedema, David"]
[Result "0-1"]
[WhiteElo "2387"]
[BlackElo "2381"]
[Annotator "NA"]
[PlyCount "140"]
[EventDate "2018.11.10"]
[EventType "team-tourn"]
[EventCountry "GER"]
[SourceTitle "playchess.com"]
[Source "ChessBase"]
[SourceQuality "1"]
[WhiteTeam "Augsburg"]
[BlackTeam "Duesseldorf"]
[TimeControl "40/6000+30:3000+30"]

1. Nf3 {[%emt 0:00:00]} d5 {[%emt 0:20:49]} 2. g3 {[%emt 0:00:00]} Nf6 {[%emt 0:04:06]} 3. Bg2 {[%emt 0:00:07]} e6 {[%emt 0:00:11]} 4. O-O {[%emt 0:00:08]} c5 {[%emt 0:00:06]} 5. d4 {[%emt 0:00:53]} cxd4 {[%emt 0:00:26]} 6. Nxd4 {[%emt 0:00:06]} e5 {[%emt 0:00:05]} 7. Nb3 {[%emt 0:11:42]} Nc6 {[%emt 0:02:01] LiveBook: 85 Games} 8. Bg5 {[%emt 0:04:48]} Be6 {[%emt 0:00:06]} 9. e4 {[%emt 0:09:18] D02: 1 d4 d5 2 Nf3 sidelines, including 2...Nf6 3 g3 and 2...Nf6 3 Bf4} (9. Nc3 $14 d4 10. Ne4 Be7 11. Bxf6 gxf6 12. c3 Bd5 13. cxd4 exd4 14. e3 f5 15. Ned2 dxe3 16. fxe3 Bg5 17. e4 Bxb3 18. Nxb3 Qb6+ 19. Kh1 {1-0 (36) Andreikin,D (2743)-Dubov,D (2666) ICC INT 2016}) 9... d4 {[%emt 0:04:28]} 10. c3 {[%emt 0:03:54]} Qb6 {[%emt 0:03:12]} 11. N1d2 $146 {[%emt 0:09:23]} ({Predecessor:} 11. Bxf6 gxf6 12. N1d2 Rd8 13. Qf3 Be7 14. Rfd1 a5 15. cxd4 Nxd4 16. Nxd4 Rxd4 {0-1 (35) Salimova,N (1908)-Yildiz Kadioglu,B (2312) Plovdiv 2014}) 11... dxc3 {[%emt 0:07:32]} 12. bxc3 {[%emt 0:00:05]} Ng4 {[%emt 0:02:57]} 13. Nc4 {[%emt 0:16:05]} Qc7 {[%emt 0:06:06]} 14. Qe2 {[%emt 0:06:10]} Be7 {[%emt 0:01:59]} 15. Bxe7 {[%emt 0:06:14]} Nxe7 {[%emt 0:00:36]} 16. Ne3 {[%emt 0:00:10]} Nxe3 {[%emt 0:00:18]} 17. Qxe3 {[%emt 0:00:05]} O-O {[%emt 0:07:19]} 18. Nc5 {[%emt 0:09:41]} Bc4 {[%emt 0:05:16]} 19. Rfd1 {[%emt 0:01:20]} Rfd8 {[%emt 0:00:41]} 20. a4 {[%emt 0:07:26]} b6 {[%emt 0:00:21]} 21. Nd3 {[%emt 0:00:08]} Bxd3 {[%emt 0:00:49]} 22. Rxd3 {[%emt 0:00:08]} Rxd3 {[%emt 0:00:04]} 23. Qxd3 {[%emt 0:00:04]} Rd8 {[%emt 0:00:04]} 24. Qe3 {[%emt 0:00:49]} Nc6 {[%emt 0:03:53]} 25. Bf1 {[%emt 0:01:25]} Na5 {[%emt 0:00:44]} 26. Ra2 {[%emt 0:06:23]} Rd1 {[%emt 0:06:53]} 27. Kg2 {[%emt 0:01:29]} Qd8 {[%emt 0:04:10]} 28. Be2 {[%emt 0:01:19]} Rd6 {[%emt 0:00:06]} 29. Bb5 {[%emt 0:01:15]} g6 {[%emt 0:01:33]} 30. h4 {[%emt 0:00:29]} Kg7 {[%emt 0:02:45]} 31. Be2 {[%emt 0:01:03]} h5 {[%emt 0:01:20]} 32. Bb5 {[%emt 0:00:39]} Qa8 {[%emt 0:03:35]} 33. Be2 {[%emt 0:03:17]} Qc6 {[%emt 0:01:19]} 34. Bb5 {[%emt 0:02:10]} Qb7 {[%emt 0:00:08]} 35. Be2 {[%emt 0:00:05]} Qc8 {[%emt 0:06:01]} 36. Bb5 {[%emt 0:02:39]} Nb3 {[%emt 0:01:37]} 37. Ra3 {[%emt 0:02:17]} Na5 {[%emt 0:04:28]} 38. Ra2 {[%emt 0:00:08]} Qc7 {[%emt 0:00:35]} 39. Ra1 {[%emt 0:04:49]} Rd8 {[%emt 0:01:33]} 40. Ra2 {[%emt 0:00:42]} Nb7 {[%emt 0:06:20]} 41. Rd2 {[%emt 0:06:28]} Rxd2 {[%emt 0:03:06]} 42. Qxd2 {[%emt 0:00:11]} Nc5 {[%emt 0:00:45]} 43. Qd5 {[%emt 0:01:23]} a6 {[%emt 0:15:39]} 44. Bc6 {[%emt 0:02:59]} Qe7 {[%emt 0:00:24]} 45. Qc4 {[%emt 0:01:45]} a5 {[%emt 0:00:30]} 46. Qb5 {[%emt 0:04:46]} Qd6 {[%emt 0:03:20]} 47. Bd5 {[%emt 0:00:27]} Kf8 {[%emt 0:04:03]} 48. Kf3 {[%emt 0:04:37]} f5 {[%emt 0:03:24]} 49. Ke3 {[%emt 0:01:35]} f4+ {[%emt 0:05:43]} 50. Ke2 {[%emt 0:04:17]} fxg3 {[%emt 0:02:31]} 51. fxg3 {[%emt 0:00:08]} Ke7 {[%emt 0:02:02]} 52. Bc6 {[%emt 0:03:25]} Qc7 {[%emt 0:00:04]} 53. Bd5 {[%emt 0:01:36]} Nd7 {[%emt 0:00:39]} 54. Kd3 {[%emt 0:02:03]} Qc5 {[%emt 0:01:50]} 55. Bc6 {[%emt 0:05:10]} Qxb5+ {[%emt 0:00:38]} 56. axb5 {[%emt 0:01:25]} Nf6 {[%emt 0:02:12]} 57. Kc4 {[%emt 0:01:15]} Ng4 {[%emt 0:01:08]} 58. Kd3 {[%emt 0:02:22]} Nf6 {[%emt 0:02:00]} 59. Kc4 $1 {[%emt 0:00:40]} Kd6 {[%emt 0:00:04]} 60. Bb7 {[%emt 0:00:54]} Ng4 {[%emt 0:01:10]} 61. Bc6 {[%emt 0:00:14]} Nf2 {[%emt 0:02:17]} 62. Bd5 {[%emt 0:00:09]} Ke7 {[%emt 0:00:29]} 63. Bc6 {[%emt 0:00:26]} Nh1 {[%emt 0:01:14]} 64. Kd5 {[%emt 0:00:05]} Nxg3 {[%emt 0:00:07]} 65. Kxe5 {[%emt 0:00:04]} Ne2 {[%emt 0:00:08]} 66. c4 {[%emt 0:01:13]} a4 {[%emt 0:01:40]} 67. c5 {[%emt 0:00:09]} a3 {[%emt 0:00:13]} 68. Bd5 {[%emt 0:00:47]} Nc3 $11 {[%emt 0:00:53]} (68... bxc5 $19 69. b6 Kd7) 69. cxb6 {[%emt 0:00:22]} Nxd5 {[%emt 0:01:41]} 70. b7 {[%emt 0:00:05]} Nb6 {[%emt 0:00:24]} 0-1

[Event "BL 2018-19"]
[Site "Berlin"]
[Date "2019.03.23"]
[Round "12.14"]
[White "Schuh, Dirk"]
[Black "Stankovic, Milos"]
[Result "0-1"]
[WhiteElo "2395"]
[BlackElo "2451"]
[Annotator "TA"]
[PlyCount "122"]
[EventDate "2018.11.10"]
[EventType "team-tourn"]
[EventCountry "GER"]
[SourceTitle "playchess.com"]
[Source "ChessBase"]
[SourceQuality "1"]
[WhiteTeam "Duesseldorf"]
[BlackTeam "Augsburg"]

{[%evp 11,122,37,35,8,23,0,6,-3,37,-11,-7,-30,0,6,6,6,8,-4,0,-7,-7,-13,-7,-22,-14,-27,-10,-11,0,-37,-32,-45,0,-17,0,0,0,0,13,14,36,-2,-6,-18,-13,-25,-11,-15,-3,-2,-3,-3,-6,-75,-78,-63,-66,-73,-73,-99,-72,-76,-61,-76,-76,-77,-77,-75,-67,-89,-89,-89,-88,-95,-95,-95,-95,-95,-95,-95,-95,-102,0,0,0,-95,-95,-95,-99,-94,-74,-92,-107,-151,-175,-135,-135,-321,-300,-323,-316,-342,-339,-325,-318,-338,-343,-1066,-953,-5583,-5402,-1769,-1482]} 1. e4 c6 2. d4 d5 3. exd5 cxd5 4. Bd3 Nc6 5. c3 g6 6. Nf3 Nf6 7. Bg5 {B13: Caro-Kann: Exchange Variation and Panov-Botvinnik Attack} (7. h3 Qc7 8. Nbd2 Bf5 9. Nb3 Bxd3 10. Qxd3 Bg7 11. O-O O-O 12. Re1 Ne4 13. Ng5 Nxg5 14. Bxg5 h6 15. Bh4 e6 {½-½ (44) Ivanchuk,V (2748)-Kovchan,A (2595) Dagomys 2010}) 7... Bg7 8. h3 O-O 9. Nbd2 {The position is equal.} Qc7 10. Qc2 Nh5 11. O-O Nf4 12. Bxf4 $146 ({Predecessor:} 12. Rfe1 Nxd3 13. Qxd3 h6 14. Bh4 Bf5 15. Qf1 g5 16. Bg3 {1-0 (38) Pastuszko,K (1721)-Tyburczy,A (1926) Warsaw 2008}) 12... Qxf4 13. Rfe1 Rb8 14. a4 Bd7 15. Re3 Rfc8 {[%cal Rc6d4] Threatens to win with ...Nxd4!} 16. Qb3 Qd6 17. Bf1 Re8 18. g3 a6 19. a5 e6 20. Qd1 Rbd8 21. b4 e5 22. dxe5 Nxe5 23. Nxe5 Bxe5 ({Not} 23... Rxe5 $2 24. Nc4 $1 $18 {[%mdl 512]}) 24. Nb3 Qf6 25. Qd2 Rc8 {[%cal Re5c3]} (25... Bc7 {looks sharper.} 26. Rxe8+ Rxe8 27. Rc1 Be5 28. Bg2 Bc6) 26. Nd4 (26. Rc1 {with more complications.} Bb8 27. Bg2 Rxe3 28. Qxe3 Bc6 29. Re1) 26... Bxd4 27. Qxd4 (27. Rxe8+ {feels hotter.} Rxe8 28. Qxd4 Qxd4 29. cxd4 Rc8 30. g4) 27... Qxd4 28. Rxe8+ Bxe8 29. cxd4 $11 {[%mdl 4096] Endgame KRB-KRB} Rc2 30. b5 axb5 31. Rb1 Bd7 32. h4 (32. Bxb5 $11 {remains equal.} Bxh3 33. Bf1 Bxf1 34. Kxf1) 32... Ra2 $17 33. Bxb5 Bf5 34. Rb3 Rxa5 35. Be2 Ra4 36. Rxb7 h5 37. Bf3 Rxd4 38. Rb5 Be6 39. Kf1 Kg7 40. Ke2 Kf6 41. Bg2 Ke5 42. Ra5 Rb4 43. Ke3 Rb3+ 44. Kd2 Kd4 45. Ra4+ {[#]} Kc5 $1 46. Ra5+ Kd4 47. Ra4+ Ke5 48. Ra5 $1 Rb1 49. Ke3 Rb4 50. Kd3 Bf5+ 51. Ke3 Rb3+ 52. Kd2 Be4 53. Bf1 f5 54. Ra8 $2 (54. Ra4 $17) 54... Rb2+ 55. Ke1 Rb1+ 56. Ke2 f4 57. gxf4+ Kxf4 58. Bh3 Rh1 59. Ra3 $2 (59. Bd7) 59... d4 $19 {Black is clearly winning.} 60. Rg3 d3+ 61. Kd2 Rh2 {Accuracy: White = 49%, Black = 63%.} 0-1

[Event "BL 2018-19"]
[Site "Berlin"]
[Date "2019.03.23"]
[Round "12.15"]
[White "Schmittdiel, Eckhard"]
[Black "Harff, Marcel"]
[Result "1/2-1/2"]
[WhiteElo "2436"]
[BlackElo "2411"]
[Annotator "TA"]
[PlyCount "89"]
[EventDate "2018.11.10"]
[EventType "team-tourn"]
[EventCountry "GER"]
[SourceTitle "playchess.com"]
[Source "ChessBase"]
[SourceQuality "1"]
[WhiteTeam "Augsburg"]
[BlackTeam "Duesseldorf"]

{[%evp 20,89,11,6,17,0,0,-16,0,-33,-23,-21,-22,-16,-13,-23,-33,-29,-13,-18,-24,-14,-24,-20,-20,-10,0,0,0,0,13,15,7,0,0,0,0,0,0,0,0,0,0,0,0,-20,0,0,0,0,0,0,0,0,0,0,0,0,0,0,0,0,0,0,0,0,0,0,0,0,0,0]} 1. e4 e6 2. d4 d5 3. Nc3 dxe4 4. Nxe4 Nd7 5. Nf3 Ngf6 6. Bd3 c5 7. O-O Nxe4 8. Bxe4 Nf6 9. Bd3 cxd4 10. Nxd4 Bc5 11. Nb3 Be7 {C10: French with 3 Nc3: Unusual Black 3rd moves and 3...dxe4} (11... Bd6 12. Bg5 Bd7 13. Nd4 h6 14. Bh4 Qc7 15. Bg3 Bxg3 16. hxg3 O-O 17. c3 Rad8 18. Qe2 e5 19. Nb5 Bxb5 20. Bxb5 {½-½ (78) Klein,D (2509)-Meier,G (2630) chess.com INT 2017}) 12. c4 Qc7 $146 ({Predecessor:} 12... Bd7 13. Be3 O-O 14. Rc1 Qc7 15. Qc2 h6 16. h3 Ba4 17. Qe2 Rfd8 18. Bb1 Bxb3 19. axb3 {½-½ (52) Wu,C (2038)-Langendijk,A Gent 2011}) 13. Qe2 b6 14. Bd2 Bb7 15. Bc3 O-O 16. Rad1 Rad8 17. Be5 Qc6 {[%csl Gb7][%cal Rc6g2] [#]} 18. f3 Nd7 19. Be4 Qc8 20. Bxb7 Qxb7 21. Bc3 Bf6 {The position is equal.} 22. Nd4 Nc5 23. b4 Na6 24. a3 Rd7 25. Nb5 Bxc3 26. Nxc3 Rfd8 27. Rxd7 (27. f4 {keeps more tension.} Nc7 28. g3 h6 29. Rxd7 Rxd7 30. Rd1) 27... Rxd7 28. Rd1 Nb8 29. Ne4 Qc7 30. c5 h6 31. Rxd7 Nxd7 32. Qe3 Kf8 33. g3 Ke7 34. f4 Qc6 35. Qd4 bxc5 36. Nxc5 Nxc5 37. bxc5 $11 {[%mdl 4096] Endgame KQ-KQ} Qd5 38. Qb4 Qd1+ 39. Kf2 Qc2+ 40. Ke3 Qc1+ 41. Kd3 Qf1+ 42. Kc2 {[#] Black must now prevent c6+.} Qe2+ 43. Kc1 {And now c6+ would win.} Qe3+ 44. Kc2 {aiming for c6+.} Qe2+ 45. Kc1 {Accuracy: White = 62%, Black = 71%.} 1/2-1/2